1407 1064 1920 1349 1537 1272 1055 1893 1741 1228 1518 1221 1798 1014 1712 1282 1080 1452 1073 1106 1032 1120 1385 1105 1862 1871 1393 1650 1059 1678 1027 1891 1307 1108 1142 1991 1593 1263 1124 1104 1703 1365 1067 1286 1680 1899 1925 1816 1131 1611 1137 1449 1713 1708 1081 1822 1787 1880 1201 1982 1129 1589 1670 1284 1327 1075 1497 1195 1236 1046 1716 1101 1054 1357 1146 1137 1219 1328 1130 1691 1509 1923 1291 1215 1021 1846 1129 1239 1929 1439 1936 1349 1303 1044 1290 1892 1503 1805 1933 BCNSPRNW ULIB Ver.6.0+V

เปลี่ยนเป็นภาษาไทย

Change to English
 แสดงรายละเอียดบรรณานุกรม
  กลับหน้าหลัก

Brief Record : Get Marc (ISO 2709) : E-mail record : QR code < ปิดหน้าต่าง
LEADER : 00000nam 2200000uu 4500
001    13399120409
003     ULIB
008    120919s2547||||th 000 0 tha d
020    ^a9746445154
060 04 ^aWB50^bว115ว 2547
245 00 ^aเวชปฏิบัติผู้ป่วยนอก /^cบรรณาธิการ, นครชัย เผื่อนปฐม, สกลสิงหะ
250    ^aพิมพ์ครั้งที่ 1
260    ^aสงขลา :^bคณะแพทยศาสตร์ มหาวิทยาลัยสงขลานครินทร์,^c2547
300    ^a313 หน้า :^bภาพประกอบ ;^c21 ซม.
650  7 ^aอายุรศาสตร์ผู้ป่วยนอก ^xรวมเรื่อง
700 0  ^aนครชัย เผื่อนปฐม,^eบรรณาธิการ
700 0  ^aสกล สิงหะ,^eบรรณาธิการ
710 2  ^aมหาวิทยาลัยสงขลานครินทร์. ^bคณะแพทยศาสตร์
945    ^p0^l0^i13463
945    ^p0^l0^i13464
945    ^p0^l0^i13466
945    ^p0^l0^i13467
945    ^p0^l0^i13465
995    ^aกัณชพร
999 ^a ใช้งานได้ทุกระบบ
รายการนี้ยังไม่มีแท็ก
คุณยังไม่ได้ล็อกอิน คุณสามารถมีกิจกรรมร่วมกับเว็บไซต์ได้ แต่ต้องล็อกอินก่อน ::
  ล็อกอิน

รายการสื่อสารสนเทศ

ลำดับที่ ประเภท เลขเรียก/บาร์โค้ด สถานที่ สถานะ
1. วิทยาศาสตร์การแพทย์ และสุขภาพ
วิทยาศาสตร์การแพทย์ และสุขภาพ
WB50 ว115ว 2547  
  Barcode: 13463
ห้องสมุดวิทยาเขตสวรรค์ประชารักษ์
►หนังสือทั่วไป
บนชั้น
2. วิทยาศาสตร์การแพทย์ และสุขภาพ
วิทยาศาสตร์การแพทย์ และสุขภาพ
WB50 ว115ว 2547 ฉ.2 
  Barcode: 13464
ห้องสมุดวิทยาเขตสวรรค์ประชารักษ์
►หนังสือทั่วไป
บนชั้น
3. วิทยาศาสตร์การแพทย์ และสุขภาพ
วิทยาศาสตร์การแพทย์ และสุขภาพ
WB50 ว115ว 2547 ฉ.3 
  Barcode: 13466
ห้องสมุดวิทยาเขตสวรรค์ประชารักษ์
►หนังสือทั่วไป
บนชั้น
4. วิทยาศาสตร์การแพทย์ และสุขภาพ
วิทยาศาสตร์การแพทย์ และสุขภาพ
WB50 ว115ว 2547 ฉ.4 
  Barcode: 13467
ห้องสมุดวิทยาเขตสวรรค์ประชารักษ์
►หนังสือทั่วไป
บนชั้น
5. วิทยาศาสตร์การแพทย์ และสุขภาพ
วิทยาศาสตร์การแพทย์ และสุขภาพ
WB50 ว115ว 2547 ฉ.5 
  Barcode: 13465
ห้องสมุดวิทยาเขตสวรรค์ประชารักษ์
►หนังสือทั่วไป
บนชั้น

BibComment


ยังไม่เคยถูกคอมเมนท์

คอมเมนท์ทรัพยากรรายการนี้
  คอมเมนท์: เวชปฏิบัติผู้ป่ว..


 Copyright 2026. Bcnsprnw @Library